Online
Catalog

Manténgase alerta / (Record no. 3578)

MARC details
000 -CABECERA
campo de control de longitud fija 00846cam a2200253 a 4500
001 - NÚMERO DE CONTROL
campo de control 000003756
005 - FECHA Y HORA DE LA ÚLTIMA TRANSACCIÓN
campo de control 20200929150546.0
008 - DATOS DE LONGITUD FIJA--INFORMACIÓN GENERAL
campo de control de longitud fija 780517s1987 sp 000 f spa d
020 ## - NÚMERO INTERNACIONAL ESTÁNDAR DEL LIBRO
Número Internacional Estándar del Libro 8434585316
040 ## - FUENTE DE LA CATALOGACIÓN
Centro catalogador/agencia de origen DO-SdBNP
Lengua de catalogación spa
Centro/agencia transcriptor BNPHU
041 17 - CÓDIGO DE LENGUA
Código de lengua del texto/banda sonora o título independiente spa
Código de lengua original eng
082 ## - NÚMERO DE LA CLASIFICACIÓN DECIMAL DEWEY
Número de clasificación 823.914
Número de documento/Ítem M346m
100 1# - ENTRADA PRINCIPAL--NOMBRE DE PERSONA
Nombre de persona Markstein, George.
9 (RLIN) 11425
240 10 - TÍTULO UNIFORME
Título uniforme Chance awakening.
Lenguaje de la obra Español
245 10 - MENCIÓN DE TÍTULO
Título Manténgase alerta /
Mención de responsabilidad, etc. George Markstein ; traducción Teresa Piossek Prebisch.
260 ## - PUBLICACIÓN, DISTRIBUCIÓN, ETC.
Lugar de publicación, distribución, etc. Barcelona :
Nombre del editor, distribuidor, etc. Salvat Editores, S.A.,
Fecha de publicación, distribución, etc. 1987.
300 ## - DESCRIPCIÓN FÍSICA
Extensión 226 p. ;
Dimensiones 19 cm.
440 #0 - MENCIÓN DE SERIE/PUNTO DE ACCESO ADICIONAL--TÍTULO
Título Colección
Nombre de parte o sección de la obra Novela y ocio
Designación de volumen o secuencia 64
9 (RLIN) 11426
534 ## - NOTA SOBRE LA VERSIÓN ORIGINAL
Frase introductoria Título original:
Mención de título del original Chance awakening
650 #4 - PUNTO DE ACCESO ADICIONAL DE MATERIA--TÉRMINO DE MATERIA
Término de materia o nombre geográfico como elemento de entrada Literatura inglesa
Subdivisión cronológica SIGLO XX.
9 (RLIN) 4369
650 #4 - PUNTO DE ACCESO ADICIONAL DE MATERIA--TÉRMINO DE MATERIA
Término de materia o nombre geográfico como elemento de entrada Novela inglesa
Subdivisión cronológica SIGLO XX.
9 (RLIN) 11427
650 #4 - PUNTO DE ACCESO ADICIONAL DE MATERIA--TÉRMINO DE MATERIA
Término de materia o nombre geográfico como elemento de entrada Espionaje
Subdivisión de forma NOVELA.
9 (RLIN) 11428
700 1# - PUNTO DE ACCESO ADICIONAL--NOMBRE DE PERSONA
Nombre de persona Piossek Prebisch, Teresa.
9 (RLIN) 11429
Holdings
Estado de retiro Estado de pérdida Restricciones de uso No para préstamo Código de colección Localización permanente Ubicación/localización actual Ubicación en estantería Fecha de adquisición Número de inventario Total de préstamos Signatura topográfica completa Código de barras Fecha visto por última vez Precio válido a partir de Tipo de ítem Koha
    Préstamo interno   Monografías: Libros y Folletos General General Depósito 02.09.2009 LF1   823.914 M346m 3756-10 25.06.2020 25.06.2020 Préstamo interno

Powered by Koha